| 000 | 00411nam a2200157Ia 4500 | ||
|---|---|---|---|
| 003 | LK-CoDNM | ||
| 008 | 010623t2003 xxu||||| |||| 00| 1 sin d | ||
| 040 |
_aLK-CoDNM _dLK-CoDNM _eLK-CoDNM |
||
| 041 | _asin | ||
| 080 |
_a341-231-14 _bPRO |
||
| 245 | _aරැකවරණය | ||
| 246 | _aProtection | ||
| 260 |
_bThe Consortium Of Humanitarian Agencies _aColombo _c2003 |
||
| 300 | _bp.24, 14 cm | ||
| 942 | _cBK | ||
| 999 |
_c123133 _d123133 |
||